00555nam a2200169 4500003001100000005001700011008004100028020001500069040003900084041000800123082001600131100002800147245011000175260004000285300002300325650003700348LK-CoMWRAF20231207120250.0231125b2002 |||||||| |||| 00| 0 eng d a955915110X aLK-CoMWRAFdLK-CoMWRAFeLK-CoMWRAF aeng a348.04bHUS aHussain, M. S. Mohammed aHussain's complete digest of case law of Sri Lanka : 1820-2000, bVol-5 Citizens to Civil Procedure Court aKandy : bArafa (Pvt.) Ltd., c2002 avii, 840 p.; 26 cm aLaw reports, digests, -Sri Lanka